000 00744nam a22002657a 4500
001 BR9603719
003 BR-BrBNA
005 20230928095045.0
007 ta
008 230509b bl.||||| |||| 00| 0 por d
040 _aBR-BrBNA
_bpor
_cBiblioteca Nacional de Agricultura
041 _a(Por)
072 _aE14
090 _ E14 BR9603719
110 1 _aUniversidade Federal do Rio Grande do Norte, Natal (Brasil)
_911135
245 1 _aFeira de arte, ciencia e tecnologia. A problematica da seca
260 3 _aNatal, RN (Brasil):
_c1985.
300 _a288 p.
650 _aSeca
650 _aPolitica Governamental
650 _aZona Semi-Arida
650 _aRegiao Nordeste
909 _a202309
_bLucia
_c55
_dLucia Elande
942 _cBK
999 _c54242
_d54242